000 00834nas a2200265 4500
001 BR2010001849
003 BR-BrBNA
005 20231205114218.0
007 ta
008 230509b bl.|||p| |||| 00| 00por d
040 _aBR-BrBNA
_bpor
_cBiblioteca Nacional de Agricultura
041 _a(Pt)
072 _aH20
100 1 _aCarvalho, H.H.
100 1 _aWiest, J.M.
100 1 _aCruz, F.T.
245 1 _aAtividade antibacteriana in vitro de pimentas e pimentões (Capsicum sp.)sobre quatro bactérias toxinfectivas alimentares
650 _aPIMENTA
650 _aPIMENTÃO
650 _aBACTERIA
650 _aBACTERICIDA
773 0 _tRevista Brasileira de Plantas Medicinais (Brazil)
_xISSN 1516-0572
_g(Feb 2010), v. 12(1) p. 8-12
_wBR2010001849
909 _a202311
_bLúcia
_c55
_dLúcia Elande
942 _2AGRIS
_n0
_cANA
999 _c207631
_d207631